|
|
|
|
| LEADER |
00000nam0a2200000 4500 |
| 001 |
105582 |
| 005 |
20231031114450.0 |
| 010 |
|
|
|a 5253005986
|
| 035 |
|
|
|a (RuTPU)RU\TPU\book\113928
|
| 090 |
|
|
|a 105582
|
| 100 |
|
|
|a 20061120d1991 m y0rusy50 ca
|
| 101 |
0 |
|
|a rus
|
| 102 |
|
|
|a RU
|
| 105 |
|
|
|a a z 001zy
|
| 200 |
1 |
|
|a Круглый год
|e русский земледельческий календарь
|f сост. А. Ф. Некрылова
|
| 210 |
|
|
|a Москва
|c Правда
|d 1991
|
| 215 |
|
|
|a 497 с.
|c ил.
|
| 320 |
|
|
|a Словарь: с. 485-489.
|
| 320 |
|
|
|a Библиография: с. 490-493.
|
| 610 |
1 |
|
|a календари
|
| 610 |
1 |
|
|a времена года
|
| 610 |
1 |
|
|a наблюдения
|
| 610 |
1 |
|
|a приметы
|
| 610 |
1 |
|
|a пословицы
|
| 610 |
1 |
|
|a поговорки
|
| 610 |
1 |
|
|a гадания
|
| 610 |
1 |
|
|a обряды
|
| 675 |
|
|
|a 811
|v 3
|
| 702 |
|
1 |
|a Некрылова
|b А. Ф.
|g Анна Федоровна
|4 220
|
| 801 |
|
1 |
|a RU
|b 63413507
|c 20061120
|g PSBO
|
| 942 |
|
|
|c BK
|